|
|
|
|
| LEADER |
00000nab a2200000 a 4500 |
| 001 |
vtls000702413 |
| 003 |
SK-MaSNL |
| 005 |
20260304114610.0 |
| 008 |
250429c1999 xo 0 slo |
| 015 |
|
|
|a SNBRB1999/10-22442
|
| 035 |
|
|
|a CLN000054580
|
| 035 |
|
|
|a (urnnbn)urn:nbn:sk:snk:ar-006sme
|
| 035 |
|
|
|a (uuid)26ae73bc-69bf-4e56-a913-21f698e40f8d
|
| 035 |
|
|
|a urn:nbn:sk:snk-ab89o2
|
| 040 |
|
|
|a SNKBUCL
|b slo
|c SNKBUCL
|e AACR2
|
| 041 |
0 |
|
|a slo
|
| 044 |
|
|
|a xo
|c SK
|
| 080 |
|
|
|a 636.2.054.082(71+430)
|2 1997
|
| 080 |
|
|
|a 636.2.054.082(430+71)
|2 1997
|
| 100 |
1 |
|
|a Jursa, Jozef
|4 aut
|9 354284
|
| 245 |
1 |
0 |
|a Výsledky odhadu plemennej hodnoty býkov za február 1999
|c Jozef Jursa
|
| 300 |
|
|
|b Tab.
|
| 650 |
0 |
7 |
|a býky
|x hodnota plemenná
|x odhad
|2 snkbucl
|9 1419724
|
| 650 |
0 |
7 |
|a hodnota plemenná
|2 snkbucl
|9 1376987
|
| 655 |
|
7 |
|a články z novín a časopisov
|2 snkbucl
|9 267496
|
| 773 |
0 |
|
|t Slovenský chov
|g Roč. 4, č. 5 (1999), s. 25-27
|x 1335-1990
|
| 850 |
|
|
|a Slovenská národná knižnica
|
| 852 |
|
|
|a Slovenská národná knižnica
|
| 954 |
|
|
|a odborná, vedecká literatúra pôvodná (slovenská)
|2 lita
|
| 958 |
|
|
|a article9
|
| 958 |
|
|
|a OND
|
| 958 |
|
|
|a CA
|
| 958 |
|
|
|a DE
|
| 958 |
|
|
|a EUIPO
|
| 999 |
|
|
|c 2873313
|d 2875243
|